00246nam a2200109Ia 4500008004100000100001500041245002600056260001600082260000900098546001200107999001700119170619s9999 xx 000 0 und d aJindal U C 0aComputer organization bLondon; MGH c2002 aENGLISH c17692d17692